European Countries - Fit the Pattern Quiz Stats

 Plays Quiz Updated Feb 15, 2019

Support Sporcle.
Go Orange.
Score 0/47 Timer 07:00
0 Plays Today
% Correct
STR
81.6%
BSNNDHRZGVN
79.8%
NTDKNGDM
79.4%
STN
77.2%
GRC
76.4%
LTHN
76.4%
CLND
75.4%
TLY
75.1%
KRN
74.6%
LCHTNSTN
74.2%
SNMRN
73.9%
CRT
72.9%
RLND
72.3%
KSV
71.3%
SPN
71%
VTCNCTY
68.8%
NDRR
68%
LBN
67.8%
CZCH
65.9%
BLGM
65.6%
BLGR
65.1%
CYPRS
65%
NRTHMCDN
64.7%
LTV
64.5%
% Correct
MNTNGR
64.3%
RSS
64.1%
NTHRLNDS
62.9%
MLT
62.8%
SRB
62.8%
LXMBRG
62.7%
BLRS
62.3%
SLVN
61.2%
DNMRK
60.4%
FRNC
59.7%
FNLND
59.4%
GRMNY
59.2%
MNC
59.1%
SWTZRLND
58.8%
MLDV
57.6%
PRTGL
57.1%
TRKY
56.9%
RMN
56.2%
SLVK
56.2%
SWDN
55.2%
PLND
54.7%
HNGRY
54.4%
NRWY
46.9%

From the Vault

NBA Players with 60 Point Games

by GoJets

Sports 7m
Scoring 60 points is pretty hard in basketball, but it'd be pretty darn impossible to do by yourself in most sports.
Remove Ads.
Support Sporcle.
Get the best of Sporcle when you Go Orange. This ad-free experience offers more features, more stats, and more fun while also helping to support Sporcle. Thank you for becoming a member.

Show Comments

Extras

Top Quizzes Today


Score Distribution

Your Account Isn't Verified!

In order to create a playlist on Sporcle, you need to verify the email address you used during registration. Go to your Sporcle Settings to finish the process.

Report this User

Report this user for behavior that violates our Community Guidelines.

Details: